Loading...
| Current Events | 1 | 20.00 | 100% | 100% | 0% |
| Fine Arts - Classical Music | 8 | 21.25 | 100% | 75% | 38% |
| Fine Arts - Other Fine Arts | 9 | 18.89 | 100% | 67% | 22% |
| Fine Arts - Painting and Sculpture | 5 | 24.00 | 80% | 100% | 60% |
| Geography | 1 | 20.00 | 100% | 100% | 0% |
| History - American History | 4 | 12.50 | 75% | 50% | 0% |
| History - European History | 4 | 22.50 | 100% | 100% | 25% |
| History - Other History | 4 | 17.50 | 75% | 75% | 25% |
| History - World History | 6 | 20.00 | 83% | 83% | 33% |
| Literature - American Literature | 7 | 20.00 | 100% | 86% | 14% |
| Literature - British Literature | 5 | 22.00 | 100% | 100% | 20% |
| Literature - European Literature | 7 | 24.29 | 100% | 100% | 43% |
| Literature - World Literature | 6 | 20.00 | 100% | 100% | 0% |
| Mythology | 5 | 20.00 | 100% | 80% | 20% |
| Other Academic | 4 | 15.00 | 100% | 50% | 0% |
| Philosophy | 6 | 11.67 | 83% | 33% | 0% |
| Pop Culture | 3 | 13.33 | 67% | 33% | 33% |
| Religion | 7 | 22.86 | 100% | 100% | 29% |
| Science - Biology | 3 | 10.00 | 67% | 33% | 0% |
| Science - Chemistry | 5 | 16.00 | 100% | 60% | 0% |
| Science - Other Science | 7 | 14.29 | 100% | 43% | 0% |
| Science - Physics | 6 | 11.67 | 100% | 17% | 0% |
| Social Science | 9 | 14.44 | 89% | 44% | 11% |